Top 20 Prince Songs - Statistics

General Stats
  • This quiz has been taken 160 times
  • The average score is 11 of 20
Answer Stats
Rank/Year Song % Correct
8) 1984 Purple Rain
96%
1) 1984 When Doves Cry
91%
20) 1983 1999
88%
2) 1986 Kiss
84%
6) 1985 Raspberry Beret
82%
11) 1983 Little Red Corvette
76%
3) 1984 Let's Go Crazy
72%
4) 1991 Cream
59%
10) 1987 Sign O' the Times
58%
12) 1992 Diamonds and Pearls
52%
5) 1989 Batdance
47%
9) 1994 The Most Beautiful Girl In the World
45%
16) 1985 I Would Die 4 U
43%
7) 1987 U Got the Look
38%
18) 1988 Alphabet St.
34%
17) 1993 7
27%
14) 1985 Pop Life
24%
13) 1990 Thieves in the Temple
23%
15) 1983 Delirious
20%
19) 1988 I Could Never Take the Place of Your Man
20%
No matching quizzes found
Score Distribution
Percent of People with Each Score
Percentile by Number Answered
Your Score History
You have not taken this quiz